000 01032cam a22003494a 4500
001 3895
003 FISKH
005 20250815131200.0
008 030826s2003 nyua b 001 0 eng
010 _a 2003019063
020 _a0516234471
020 _a9780516258430
040 _aDLC
_cDLC
_dDLC
_beng
042 _apcc
_alcac
050 0 0 _aQC197
_b.T78 2004
082 0 0 _a531/.1134
_222
100 1 _aTrumbauer, Lisa,
_d1963-
245 1 0 _aWhat is friction? /
_cby Lisa Trumbauer.
260 _aNew York :
_bChildren's Press,
_c2004.
300 _a31 pages :
_bcolor illustrations ;
_c18 cm
440 0 _aRookie read-about science
500 _aIncludes index.
505 _aG
520 _aDescribes what friction is and gives some examples of how it causes moving things to stop.
521 8 _a380
_bLexile
521 8 _aG
_bRaz-Plus
650 0 _aFriction
_vJuvenile literature.
650 1 _aFriction.
906 _a7
_bcbc
_corignew
_d1
_eecip
_f20
_gy-gencatlg
942 _2ddc
_cBK
_n0
999 _c3895
_d3895